Pays qualifiés à la CDM 2026 - Statistiques

Statistiques générales
  • Ce quiz a été pris 259 fois
  • Le résultat moyen est 18 sur 28
Statistiques - réponses
Confédération Pays % Correct
CAF Maroc
88%
CAF Algérie
86%
CONMEBOL Argentine
81%
CONCACAF Mexique
81%
CONCACAF Canada
80%
CONCACAF États-Unis
80%
CAF Sénégal
80%
CONMEBOL Brésil
79%
CAF Tunisie
77%
CAF Égypte
71%
CONMEBOL Colombie
70%
AFC Japon
70%
AFC Corée du Sud
66%
CONMEBOL Uruguay
66%
CAF Côte d'Ivoire
65%
AFC Australie
63%
CONMEBOL Équateur
59%
CAF Afrique du Sud
57%
AFC Arabie Saoudite
57%
CONMEBOL Paraguay
57%
UEFA Angleterre
56%
OFC Nouvelle-Zélande
55%
CAF Cap-Vert
53%
AFC Iran
52%
CAF Ghana
51%
AFC Qatar
51%
AFC Ouzbékistan
35%
AFC Jordanie
32%
Aucun quiz correspondant
Distribution des résultats
% des personnes avec chaque résultat
Percentile par nombre de réponses
Votre historique - résultats
Vous n’avez pas pris ce quiz